000 00517nam a2200169 i 4500
001 145635
003 ES-MaACL
005 20230906201255.0
007 t|
008 071015s19261933gw ||||1| ger d
245 0 0 _aVerklingende Weisen
_b: Lothringer Volkslieder /
_cgesammelt und herausgegeben von Louis Pinck.
260 _aMetz :
_bLothringer,
_c1926-1933.
300 _a4 v. ;
_c24 cm.
650 4 _aCanciones populares-
_zAlemania.
_9167577
700 1 _aPinck, Louis.
_992083
852 _aES-MaACL
_jB-9857-60
999 _c145635
_d145635